Normal view
MARC view
- Yakub, Ismail
Entry Personal Name
001 - CONTROL NUMBER
- control field: 2625
003 - CONTROL NUMBER IDENTIFIER
- control field: OSt
005 - DATE AND TIME OF LATEST TRANSACTION
- control field: 20170509110858.0
008 - FIXED-LENGTH DATA ELEMENTS
- fixed length control field: 170509|| aca||aabn | a|a d
040 ## - CATALOGING SOURCE
- Original cataloging agency: OSt
- Transcribing agency: OSt
100 ## - HEADING--PERSONAL NAME
- Personal name: Yakub, Ismail
670 ## - SOURCE DATA FOUND
- Source citation: Work cat.: (OSt)0: Shafi'i, Muhammad Ibn Idris, 767 or 768-820 1736, al-Umm /, 1989

PORTAL AKMAL
E-MEL JKDM
AKMAL2U
G-BAM
u-PUSTAKA